Záhradníctvo

Bibliographic Details
Main Authors: Uher, Anton, 1946- (Author), Jakábová, Anna, 1943- (Author), Mezey, Ján, 1974- (Author)
Format: Book
Language:Slovak
PhysicalDescription:167 s. tab. 29 cm
Published: Nitra Slovenská poľnohospodárska univerzita 2010
ISBN:9788055203355
Edition:1. upr. vyd.
Subjects:

MARC

LEADER 00000nam a2200000 a 4500
001 vtls010084458
003 SK-MaSNL
005 20260301030643.0
008 240314s2010 xo l d p 000 0 slo
020 |a 9788055203355  |q (brož.) 
035 |a B44A6C65-A9FA-4076-AB26-B5694DB90E2E 
035 |a urn:nbn:sk:snk-amk11k 
035 |a urn:nbn:sk:snk-am00873n 
040 |a SNK  |b slo  |c SNK  |e AACR2 
041 0 |a slo 
044 |a xo  |c SK 
072 7 |a 635  |x Záhradkárstvo  |2 konspekt 
072 7 |a 634  |x Ovocinárstvo  |2 konspekt 
080 |a 634/635  |2 2001 
080 |a 712.3/.7  |2 2001 
080 |a 712  |2 2001 
080 |a (075.8)  |2 2001 
100 1 |a Uher, Anton,  |d 1946-  |4 aut  |9 110765 
245 1 0 |a Záhradníctvo  |c Anton Uher, Anna Jakábová, Ján Mezey 
250 |a 1. upr. vyd. 
260 |a Nitra  |b Slovenská poľnohospodárska univerzita  |c 2010 
300 |a 167 s.  |b tab.  |c 29 cm 
366 |e 150 výt. 
504 |a Bibliogr. s. 161 
521 |a Pre študentov SPU 
650 0 7 |a záhradníctvo  |2 SNKPH  |9 2729 
650 0 7 |a Horticulture  |2 SNKPHeng  |9 93128 
650 0 7 |a záhradná architektúra  |2 SNKPH  |9 2944 
650 0 7 |a Garden architecture  |2 SNKPHeng  |9 312058 
650 0 7 |a krajinná architektúra  |2 SNKPH  |9 68764 
650 0 7 |a Landscape architecture  |2 SNKPHeng  |9 321894 
655 7 |a učebnice vysokých škôl  |2 SNKPH  |9 70191 
655 7 |a Textbooks (higher)  |2 SNKPHeng  |9 276436 
700 1 |a Jakábová, Anna,  |d 1943-  |4 aut  |9 163431 
700 1 |a Mezey, Ján,  |d 1974-  |4 aut  |9 260738 
710 2 |a Slovenská poľnohospodárska univerzita v Nitre.  |b Fakulta záhradníctva a krajinného inžinierstva.  |b Katedra zeleninárstva  |4 pbl  |9 179128 
919 |a 978-80-552-0335-5 
958 |a NB 
968 |d 63 
999 |c 574939  |d 576869 
952 |a SNK  |b SNK  |y PREZ  |7 0  |p 17A0653265  |o snkSB 79258  |i snk2010/7312  |8 0  |0 0  |1 0  |4 0  |d 2010-04-13  |f 1  |l 0  |r 2025-04-30 00:00:00  |w 2026-02-23 
952 |a SNK  |b SNK  |y VYP  |7 0  |p 17A0653264  |o snkSB 79258 D1  |i snk2010/7313  |8 0  |0 0  |1 0  |4 0  |d 2010-04-13  |l 0  |r 2016-06-30 00:00:00  |w 2026-02-23